000 00273nmm a2200097Ia 4500
008 220120s9999||||xx |||||||||||||||||und||
020 _a0-07-463774-6
100 _aCHIP magazine
245 0 _aCHIP-Sep: Power tools, redhat, full games, demos, full softw
260 _bNew Delhi
999 _c139700
_d139700